000 00646nam a22002417a 4500
003 UA-OsUOA
001 35715
007 ta
008 20051213b un ||||| |||| 00| 0 ukr d
100 _aКравчук В.
090 _a821.161.2
_bК78
942 _cBK
040 _aUA-OsUOA
_bukr
_cUA-OsUOA
_dUA-OsUOA
245 _aТретя місячна ніч
_bПовісті
300 _a263 с.
955 _a3
041 _aukr
080 _a821.161.2
020 _a966-7158-40-3
260 _aХмельницький
_bПоділля
650 7 _a82 Література. Літературознавство
_2UDC
999 _c322078
_d322078